000 00244nam a2200097Ia 4500
008 230508s2011 xx 000 0 und d
041 _aeng
100 _aSRINIVASAN M R
245 _aPHYSICS FOR ENGINEERING
260 _bNEW AGE INTERNATIONA
_c2011
999 _c728660
_d728660